Tennis - Daria Kasatkina - Statistiques

Statistiques générales
  • Ce quiz a été pris 61 fois
    13 depuis la dernière actualisation
  • Le résultat moyen est 15 sur 22
Statistiques - réponses
Hint Réponse % Correct
Pays Russie
100%
Meilleure performance en Grand Chelem 1/2
92%
Meilleur résultat aux JO 1/4
92%
Année de naissance 1997
92%
Passage pro 2014
92%
Revers 2 mains
92%
Meilleur classement WTA 8
92%
Date 2016
75%
Victoire Fed Cup 2021
75%
Date 2022
75%
nombre de titres 7
75%
Nombre de défaites consécutives face à cet adversaire 7
75%
Meilleure performance en Premier Mandatory Finale
75%
Grand Chelem Roland Garros
75%
Date 2018
67%
Latéralité Droitière
67%
Titre le plus important (en citer un qui n'est pas encore apparu) Saint Petersbourg,Eastbourne,San Jose
58%
Tournoi Indian Wells
50%
Unique titre en double Moscou
25%
Premier titre WTA (2017) Charleston
8%
Partenaire Elena Vesnina
0%
Adversaire Keys
0%
Aucun quiz correspondant
Distribution des résultats
% des personnes avec chaque résultat
Percentile par nombre de réponses
Votre historique - résultats
Vous n’avez pas pris ce quiz depuis la dernière actualisation